000 00282nam a22001217a 4500
020 _a0-471-51835-2
082 _a621.382 LAT'S
100 _aLATHI, B. P
_9734
245 _aSIGNAL SYSTEM AND COMMUNICATION
260 _aNEWYORK
_bJOHN WILEY
_c1965
300 _a607P
942 _cBK
999 _c566910
_d566910